000 00582nam a2200253Ia 4500
005 20260121153854.0
008 008 260114s9999 xx 000 0 eng d
020 _a9780429500596
037 _aEBOOK
040 _aCRL
040 _beng
040 _cCRL
041 _2eng
041 _aeng
084 _qCRL
100 _aSheila Tobias
_91000186
245 0 _aFaces Of Feminism
260 _bTaylor and Francis
260 _c1997
856 _uhttp://www.taylorfrancis.com/books/9780429500596
942 _cEBOOK
999 _c1567007
_d1567007